Normal view
MARC view
- High health council
Entry Personal Name
001 - CONTROL NUMBER
- control field: 2988
003 - CONTROL NUMBER IDENTIFIER
- control field: JO-AjAnu
005 - DATE AND TIME OF LATEST TRANSACTION
- control field: 20230606070807.0
008 - FIXED-LENGTH DATA ELEMENTS
- fixed length control field: 230606|| aca||aabn | a|a d
040 ## - CATALOGING SOURCE
- Original cataloging agency: JO-AjAnu
- Transcribing agency: JO-AjAnu
100 ## - HEADING--PERSONAL NAME
- Personal name: High health council
670 ## - SOURCE DATA FOUND
- Source citation: Work cat.: (JO-AjAnu)1567: High health council , author, Jordan National Health Accounts